|
|
|
|
| LEADER |
00000nam a22000007a 4500 |
| 005 |
20160303160629.0 |
| 007 |
cr|||| ||u| |
| 008 |
160303s2014 bl ||||| |||| 00||0 por | |
| 020 |
|
|
|a 978-85-7789-187-0
|
| 035 |
|
|
|a 14011
|
| 040 |
|
|
|a vLex
|
| 090 |
|
|
|c 5954
|d 5954
|
| 100 |
1 |
|
|a Antn̥io Mossin, Herc̀lito
|
| 245 |
1 |
0 |
|a Exame da OAB 2® Fase Penal
|h [Recurso electrn̤ico] /
|c Herc̀lito Antn̥io Mossin
|
| 256 |
|
|
|a Servicio en ln̕ea
|
| 260 |
|
|
|a Brasil
|b JH Mizuno
|c 2014
|
| 300 |
|
|
|a 1 recurso electrn̤ico
|
| 506 |
1 |
|
|a Contenido solo disponible en los producots indicados
|d vLex Global
|d vLex Global (Academic Edition, excluding Law Schools)
|d vLex Global (U.S. Academic Edition, Law Schools)
|d vLex Global (U.S. Academic Edition, excluding Law Schools)
|d vLex Global (Academic Edition, Law Schools)
|
| 650 |
0 |
4 |
|a Derecho
|z Brasil
|
| 700 |
1 |
|
|a O.G. Mossin, Jl︢io Cšar
|
| 740 |
0 |
|
|a vLex libros (servicio en ln̕ea)
|
| 856 |
4 |
0 |
|u http://vlex.com/source/exame-oab-2-fase-penal-14011
|z Acceso restringido
|
| 942 |
|
|
|c BOOK
|
| 999 |
0 |
|
|a vLex
|